Friends episode titles (season 1-5) Quiz Stats

 Plays Quiz not verified by Sporcle

Also try: Hulk Smash!
Challenge
Share
Tweet
Embed
Score 0/10 Timer 15:00
0 Plays Today
season/episode no. Title % Correct
1/1Pilot
95.8%
2/3 - HecklesThe One Where Heckles Dies
81.7%
4/1 - JellyfishThe One With The Jellyfish
76.1%
1/24 - RachelThe One Where Rachel Finds Out
73.2%
3/1 - Star WarsThe One With The Princess Leia Fantasy
73.2%
2/19 - EddieThe One Where Eddie Wont Go
70.4%
5/19 - Ross: 'Do you know what else they add smell to....?'The One Where Ross Can't Flirt
70.4%
3/18 - 'You are a strong, confident women'The One With The Hypnosis Tape
64.8%
5/9 - 'My sandwich? MY SANDWICH!?'The One With Ross' Sandwich
62%
5/3 - Chandler, Frank Jr. Jr., Leslie The One With The Triplets
40.8%

You're not logged in!

Compare scores with friends on all Sporcle quizzes.
OR
Log In

You Might Also Like...

Show Comments

Extras

Created Mar 22, 2012ReportNominate
Tags:Friends Quiz

Top Quizzes Today


Score Distribution

Your Account Isn't Verified!

In order to create a playlist on Sporcle, you need to verify the email address you used during registration. Go to your Sporcle Settings to finish the process.

Report this User

Report this user for behavior that violates our Community Guidelines.

Details: